000 02754cam a22001934a 4500
005 20250605164022.0
008 250528s ||||||||||||||||||||||||d
035 _a16365
020 _a9603441929
040 _aGR-AtMCL
_bgre
_dGR-AtMCL
_eAACR2
245 1 _aΙατροψυχολογικά Θέματα / Εξελίξεις στην Νευρολογία και Ψυχιατρική Ενηλίκου και Παιδιού
260 _bΕλληνικά Γράμματα,
_c1996
300 _a336
520 _aΣτο παρόν βιβλίο φαίνεται το σημαντικό έργο που έχει επιτελέσει η διεξαγωγή του 3ου Διεθνούς Συνεδρίου της ΕΨΨΕΠ και η συμβολή στην εξέλιξη της μοντέρνας Ψυχιατρικής και Ψυχολογίας στη χώρα μας. Πρόλογος, Γενικά Θέματα, Θεώρηση της Νευροψυχιατρικής από την Σκοπιά του Γενικού Γιατρού, Η Θεραπεία των Ψυχικών Διαταραχών σύμφωνα με τη Νεοελληνική Λαϊκή Παράδοση, Ιατρικό Απόρρητο, Ψυχιατροδικαστικά Προβλήματα στην Καθημερινή Ιατρική Πρακτική, Ψυχιατρική Πραγματογνωμοσύνη, Ικανότητα και Δικαιοπραξία, Τα Όρια της Ευθύνης στην Ψυχιατρική, Παραφιλίες και Εμπλοκή με το Νόμο, Η Γυναίκα της Επαρχίας, Νευρολογικά Θέματα, AIDS και Νευροψυχιατρικές Διαταραχές, Σύγχρονες Θεραπευτικές Απόψεις στη Σκλήρυνση Κατα Πλάκας, Νόσος του Parkinson, Ψυχιατρικά Θέματα, Παραλητικά Σύνδρομα Παραγνώρισης, AIDS και Ψυχιατρική Γενικού Νοσοκομείου, Μονάδα Εντατικής Ψυχιατρικής Θεραπείας, Ο Γιατρός και η Ψυχοθεραπεία και το Φάρμακο, Ψυχιατρική Κινησιοθεραπεία, Αυτοκτονία και Ευθανασία και Στίγμα, Παιδοψυχιατρικά Θέματα, Η Εκπαίδευση των Ατόμων με Ειδικές Ανάγκες, Προτιμήσεις Παιχνιδιών στα Παιδιά, Οικογένεια και Παιδί, Κακοποίηση του Παιδιού, Ψυχολογικά Προβλήματα Παιδιών και Νέων.
700 1 _aΚούρος Ιωάννης
_92459
942 _cBK
999 _c1874
_d1874